Kvantová a štatistická fyzika : Časť 1. Kvantová mechanika /
Gespeichert in:
| 1. Verfasser: | |
|---|---|
| Format: | Buch |
| Sprache: | Slowakisch |
| Veröffentlicht: |
Bratislava :
STU v Bratislave,
1979
|
| Ausgabe: | 2.vyd. |
| Tags: |
Keine Tags, Fügen Sie das erste Tag hinzu!
|
MARC
| LEADER | 00000nam a22000003a 4500 | ||
|---|---|---|---|
| 001 | stu6885 | ||
| 005 | 20150617225809.6 | ||
| 008 | 940721s1979----cs------------------slo-d | ||
| 040 | |a STU |b slo | ||
| 041 | 0 | |a slo | |
| 044 | |a cs | ||
| 100 | 1 | |a Budke, Otto, |d 1940- |4 aut |u E150 |U FEI Fakulta elektrotechniky a informatiky |T FEI Katedra fyziky |X 3661 |U E150 |Y 62 |7 A000003661 | |
| 245 | 1 | |a Kvantová a štatistická fyzika : |b Časť 1. Kvantová mechanika / |c [aut.] Budke,Otto | |
| 250 | |a 2.vyd. | ||
| 260 | |a Bratislava : |b STU v Bratislave, |c 1979 | ||
| 300 | |a 233 s | ||
| 996 | |b 284EK09133 |c E*43802 |l EE0105 |s P |a 0 |w stu6885_0001 | ||